[Event "Stay Safe Play From Home 153"]
[Site "T#646141Emanuel Laske"]
[Date "2020.05.17"]
[Round "2"]
[White "Vinnety"]
[Black "Sfantul321"]
[Result "1-0"]
[WhiteElo "1804"]
[BlackElo "2072"]
[Annotator "NA"]
[PlyCount "121"]
[EventDate "2020.05.17"]
[EventType "swiss (blitz)"]

1. e4 {[%emt 0:00:03]} g6 {[%emt 0:00:09]} 2. d4 {[%emt 0:00:02]} d6 {[%emt 0:00:02]} 3. Nc3 {[%emt 0:00:01]} Bg7 {[%emt 0:00:01]} 4. Bc4 {[%emt 0:00:01]} Nf6 {[%emt 0:00:01]} 5. Nge2 {[%emt 0:00:01]} O-O {[%emt 0:00:01]} 6. O-O {[%emt 0:00:02]} Nc6 {[%emt 0:00:02]} 7. h3 {[%emt 0:00:04]} e5 {[%emt 0:00:01]} 8. Be3 {[%emt 0:00:03]} exd4 {[%emt 0:00:01]} 9. Nxd4 {[%emt 0:00:01]} Bd7 {[%emt 0:00:01]} 10. a3 {[%emt 0:00:03]} a6 {[%emt 0:00:01]} 11. Kh1 {[%emt 0:00:02]} Re8 {[%emt 0:00:02]} 12. f3 {[%emt 0:00:01]} Qc8 {[%emt 0:00:01]} 13. Kh2 {[%emt 0:00:02]} Nh5 {[%emt 0:00:02]} 14. Nxc6 {[%emt 0:00:03]} bxc6 {[%emt 0:00:02]} 15. Bd4 {[%emt 0:00:02]} Bh6 {[%emt 0:00:05]} 16. Ne2 {[%emt 0:00:09]} c5 {[%emt 0:00:04]} 17. Bc3 {[%emt 0:00:03]} a5 {[%emt 0:00:03]} 18. a4 {[%emt 0:00:02]} Nf4 {[%emt 0:00:05]} 19. Bd2 {[%emt 0:00:10]} Nxe2 {[%emt 0:00:08]} 20. Bxh6 {[%emt 0:00:09]} Nd4 {[%emt 0:00:02]} 21. c3 {[%emt 0:00:02]} Ne6 {[%emt 0:00:02]} 22. Qd2 {[%emt 0:00:15]} Qd8 {[%emt 0:00:02]} 23. Bxe6 {[%emt 0:00:08]} Bxe6 {[%emt 0:00:02]} 24. Qf4 {[%emt 0:00:02]} f5 {[%emt 0:00:03]} 25. exf5 {[%emt 0:00:05]} Bxf5 {[%emt 0:00:01]} 26. Rfe1 {[%emt 0:00:01]} Qd7 {[%emt 0:00:03]} 27. g4 {[%emt 0:00:11]} Bc2 {[%emt 0:00:02]} 28. Qf6 {[%emt 0:00:02]} Qf7 {[%emt 0:00:03]} 29. Qxf7+ {[%emt 0:00:12]} Kxf7 {[%emt 0:00:01]} 30. Kg3 {[%emt 0:00:10]} Rxe1 {[%emt 0:00:04]} 31. Rxe1 {[%emt 0:00:02]} Bxa4 {[%emt 0:00:01]} 32. Re4 {[%emt 0:00:07]} Bc6 {[%emt 0:00:02]} 33. Rf4+ {[%emt 0:00:01]} Ke6 {[%emt 0:00:03]} 34. Bg7 {[%emt 0:00:03]} d5 {[%emt 0:00:06]} 35. Rf6+ {[%emt 0:00:04]} Kd7 {[%emt 0:00:01]} 36. Rf7+ {[%emt 0:00:01]} Kc8 {[%emt 0:00:03]} 37. Be5 {[%emt 0:00:02]} Ra7 {[%emt 0:00:04]} 38. Rxh7 {[%emt 0:00:01]} Rb7 {[%emt 0:00:02]} 39. Rg7 {[%emt 0:00:05]} Be8 {[%emt 0:00:02]} 40. h4 {[%emt 0:00:07]} a4 {[%emt 0:00:02]} 41. f4 {[%emt 0:00:03]} Kd8 {[%emt 0:00:07]} 42. f5 {[%emt 0:00:06]} gxf5 {[%emt 0:00:01]} 43. gxf5 {[%emt 0:00:01]} Rxb2 {[%emt 0:00:01]} 44. Rxc7 {[%emt 0:00:05]} a3 {[%emt 0:00:03]} 45. Ra7 {[%emt 0:00:04]} a2 {[%emt 0:00:01]} 46. Kf4 {[%emt 0:00:06]} Bf7 {[%emt 0:00:07]} 47. Kg5 {[%emt 0:00:02]} Re2 {[%emt 0:00:06]} 48. Kf6 {[%emt 0:00:02]} Bg8 {[%emt 0:00:03]} 49. h5 {[%emt 0:00:05]} d4 {[%emt 0:00:07]} 50. cxd4 {[%emt 0:00:03]} c4 {[%emt 0:00:00]} 51. h6 {[%emt 0:00:11]} c3 {[%emt 0:00:06]} 52. Ra8+ {[%emt 0:00:08]} Kd7 {[%emt 0:00:01]} 53. Rxg8 {[%emt 0:00:01]} a1=Q {[%emt 0:00:01]} 54. h7 {[%emt 0:00:01]} Qa6+ {[%emt 0:00:04]} 55. Kf7 {[%emt 0:00:03]} Qc4+ {[%emt 0:00:03]} 56. Kf8 {[%emt 0:00:02]} Rxe5 {[%emt 0:00:07]} 57. dxe5 {[%emt 0:00:04]} Qc8+ {[%emt 0:00:05]} 58. Kg7 {[%emt 0:00:02]} c2 {[%emt 0:00:05]} 59. Rxc8 {[%emt 0:00:05]} Kxc8 {[%emt 0:00:01]} 60. h8=Q+ {[%emt 0:00:01]} Kb7 {[%emt 0:00:00]} 61. Qh1+ {[%emt 0:00:01] Sfantul321 resigns (Lag: Av=0.33s, max=0.7s)} 1-0

[Event "Stay Safe Play From Home 153"]
[Site "T#646141Emanuel Laske"]
[Date "2020.05.17"]
[Round "2"]
[White "Matanant"]
[Black "Germanicus G"]
[Result "1-0"]
[WhiteElo "1794"]
[BlackElo "1613"]
[Annotator "NA"]
[PlyCount "72"]
[EventDate "2020.05.17"]
[EventType "swiss (blitz)"]

1. e4 {[%emt 0:00:03]} e6 {[%emt 0:00:01]} 2. d4 {[%emt 0:00:03]} d5 {[%emt 0:00:00]} 3. Nd2 {[%emt 0:00:02]} c5 {[%emt 0:00:02]} 4. c3 {[%emt 0:00:02]} cxd4 {[%emt 0:00:01]} 5. cxd4 {[%emt 0:00:02]} dxe4 {[%emt 0:00:05]} 6. Nxe4 {[%emt 0:00:01]} Nc6 {[%emt 0:00:00]} 7. Nf3 {[%emt 0:00:05]} Bb4+ {[%emt 0:00:02]} 8. Nc3 {[%emt 0:00:09]} Nf6 {[%emt 0:00:08]} 9. a3 {[%emt 0:00:09]} Ba5 {[%emt 0:00:07]} 10. Be3 {[%emt 0:00:07]} Nd5 {[%emt 0:00:06]} 11. Qd3 {[%emt 0:00:11]} Nxe3 {[%emt 0:00:15]} 12. fxe3 {[%emt 0:00:03]} O-O {[%emt 0:00:03]} 13. b4 {[%emt 0:00:02]} Bb6 {[%emt 0:00:02]} 14. Qc4 {[%emt 0:00:17]} Qe7 {[%emt 0:00:36]} 15. Bd3 {[%emt 0:00:06]} e5 {[%emt 0:00:04]} 16. d5 {[%emt 0:00:04]} Nd8 {[%emt 0:00:12]} 17. Qe4 {[%emt 0:00:18]} f5 {[%emt 0:00:02]} 18. Qxe5 {[%emt 0:00:03]} Qxe5 {[%emt 0:00:01]} 19. Nxe5 {[%emt 0:00:01]} Re8 {[%emt 0:00:01]} 20. Nc4 {[%emt 0:00:11]} Bxe3 {[%emt 0:00:04]} 21. Nxe3 {[%emt 0:00:03]} Rxe3+ {[%emt 0:00:02]} 22. Kd2 {[%emt 0:00:01]} Re5 {[%emt 0:00:14]} 23. Rae1 {[%emt 0:00:04]} Nf7 {[%emt 0:00:17]} 24. Bc4 {[%emt 0:00:29]} Kf8 {[%emt 0:00:15]} 25. Nb5 {[%emt 0:00:10]} a6 {[%emt 0:00:08]} 26. Nc7 {[%emt 0:00:08]} Rb8 {[%emt 0:00:01]} 27. Bb3 {[%emt 0:00:18]} Bd7 {[%emt 0:00:13]} 28. Rxe5 {[%emt 0:00:05]} Nxe5 {[%emt 0:00:02]} 29. Re1 {[%emt 0:00:01]} Rc8 {[%emt 0:00:27]} 30. d6 {[%emt 0:00:06]} Nc6 {[%emt 0:00:16]} 31. Kc3 {[%emt 0:00:14]} Rd8 {[%emt 0:00:18]} 32. a4 {[%emt 0:00:04]} Bc8 {[%emt 0:00:11]} 33. Ne6+ {[%emt 0:00:07]} Bxe6 {[%emt 0:00:02]} 34. Rxe6 {[%emt 0:00:01]} Rd7 {[%emt 0:00:06]} 35. b5 {[%emt 0:00:02]} axb5 {[%emt 0:00:07]} 36. axb5 {[%emt 0:00:02]} Nd8 {[%emt 0:00:00]} 1-0

[Event "Stay Safe Play From Home 153"]
[Site "T#646141Emanuel Laske"]
[Date "2020.05.17"]
[Round "2"]
[White "Tobo Rubirosa"]
[Black "Haris kollari 13"]
[Result "0-1"]
[WhiteElo "1725"]
[BlackElo "1937"]
[Annotator "NA"]
[PlyCount "82"]
[EventDate "2020.05.17"]
[EventType "swiss (blitz)"]

1. Nf3 {[%emt 0:00:03]} e6 {[%emt 0:00:01]} 2. d4 {[%emt 0:00:01]} d5 {[%emt 0:00:01]} 3. g3 {[%emt 0:00:01]} f5 {[%emt 0:00:01]} 4. Bg2 {[%emt 0:00:01]} Nf6 {[%emt 0:00:01]} 5. O-O {[%emt 0:00:01]} c5 {[%emt 0:00:01]} 6. c4 {[%emt 0:00:06]} dxc4 {[%emt 0:00:03]} 7. Qa4+ {[%emt 0:00:03]} Nc6 {[%emt 0:00:02]} 8. dxc5 {[%emt 0:00:06]} Bxc5 {[%emt 0:00:02]} 9. Ne5 {[%emt 0:00:04]} Bd7 {[%emt 0:00:12]} 10. Nxd7 {[%emt 0:00:02]} Qxd7 {[%emt 0:00:01]} 11. Rd1 {[%emt 0:00:04]} Qc7 {[%emt 0:00:04]} 12. Bxc6+ {[%emt 0:00:02]} Qxc6 {[%emt 0:00:02]} 13. Qxc6+ {[%emt 0:00:01]} bxc6 {[%emt 0:00:01]} 14. Nc3 {[%emt 0:00:06]} Ke7 {[%emt 0:00:03]} 15. Bg5 {[%emt 0:00:02]} Rhd8 {[%emt 0:00:02]} 16. Kf1 {[%emt 0:00:05]} h6 {[%emt 0:00:01]} 17. Bxf6+ {[%emt 0:00:02]} Kxf6 {[%emt 0:00:00]} 18. e3 {[%emt 0:00:01]} Rab8 {[%emt 0:00:08]} 19. Rab1 {[%emt 0:00:30]} Rd3 {[%emt 0:00:02]} 20. Ke2 {[%emt 0:00:04]} Rbd8 {[%emt 0:00:02]} 21. Na4 {[%emt 0:00:06]} Bb4 {[%emt 0:00:09]} 22. Rxd3 {[%emt 0:00:23]} cxd3+ {[%emt 0:00:02]} 23. Kd1 {[%emt 0:00:03]} e5 {[%emt 0:00:02]} 24. f3 {[%emt 0:00:12]} e4 {[%emt 0:00:01]} 25. fxe4 {[%emt 0:00:02]} fxe4 {[%emt 0:00:01]} 26. Nc3 {[%emt 0:00:01]} Ke5 {[%emt 0:00:04]} 27. a3 {[%emt 0:00:02]} Bc5 {[%emt 0:00:06]} 28. Kd2 {[%emt 0:00:03]} Rf8 {[%emt 0:00:01]} 29. Nd1 {[%emt 0:00:03]} Rf1 {[%emt 0:00:02]} 30. Rc1 {[%emt 0:00:02]} Kd6 {[%emt 0:00:05]} 31. Nc3 {[%emt 0:00:08]} Rxc1 {[%emt 0:00:04]} 32. Kxc1 {[%emt 0:00:02]} Bxe3+ {[%emt 0:00:01]} 33. Kd1 {[%emt 0:00:03]} Ke5 {[%emt 0:00:01]} 34. Na4 {[%emt 0:00:10]} g5 {[%emt 0:00:02]} 35. b4 {[%emt 0:00:07]} g4 {[%emt 0:00:01]} 36. Nb2 {[%emt 0:00:02]} Bg1 {[%emt 0:00:02]} 37. Nc4+ {[%emt 0:00:03]} Kd4 {[%emt 0:00:01]} 38. Na5 {[%emt 0:00:03]} Bxh2 {[%emt 0:00:05]} 39. Nxc6+ {[%emt 0:00:02]} Ke3 {[%emt 0:00:01]} 40. Nxa7 {[%emt 0:00:02]} Bxg3 {[%emt 0:00:01]} 41. b5 {[%emt 0:00:02]} Be5 {[%emt 0:00:02] Tobo Rubirosa rinde (Lag: Av=0.58s, max=0.9s)} 0-1

[Event "Stay Safe Play From Home 153"]
[Site "T#646141Emanuel Laske"]
[Date "2020.05.17"]
[Round "2"]
[White "Aktürk"]
[Black "Edmatuag"]
[Result "1-0"]
[WhiteElo "1451"]
[BlackElo "1622"]
[Annotator "NA"]
[PlyCount "64"]
[EventDate "2020.05.17"]
[EventType "swiss (blitz)"]

1. e3 {[%emt 0:00:03]} e5 {[%emt 0:00:04]} 2. Qf3 {[%emt 0:00:01]} d5 {[%emt 0:00:03]} 3. Nc3 {[%emt 0:00:02]} Nf6 {[%emt 0:00:04]} 4. Qg3 {[%emt 0:00:04]} Nbd7 {[%emt 0:00:24]} 5. Be2 {[%emt 0:00:12]} c6 {[%emt 0:00:05]} 6. h4 {[%emt 0:00:04]} b5 {[%emt 0:00:03]} 7. h5 {[%emt 0:00:03]} h6 {[%emt 0:00:02]} 8. a3 {[%emt 0:00:04]} Bb7 {[%emt 0:00:08]} 9. b3 {[%emt 0:00:06]} a5 {[%emt 0:00:35]} 10. Bb2 {[%emt 0:00:06]} b4 {[%emt 0:00:06]} 11. axb4 {[%emt 0:00:08]} axb4 {[%emt 0:00:00]} 12. Rxa8 {[%emt 0:00:02]} Qxa8 {[%emt 0:00:05]} 13. Nd1 {[%emt 0:00:01]} Ne4 {[%emt 0:00:13]} 14. Qf3 {[%emt 0:00:21]} Bd6 {[%emt 0:00:14]} 15. d3 {[%emt 0:00:13]} Ng5 {[%emt 0:00:07]} 16. Qg3 {[%emt 0:00:02]} Qb8 {[%emt 0:00:27]} 17. f3 {[%emt 0:00:13]} Rg8 {[%emt 0:00:15]} 18. Nh3 {[%emt 0:00:07]} Ne6 {[%emt 0:00:23]} 19. Qg4 {[%emt 0:00:10]} Nf6 {[%emt 0:00:04]} 20. Qh4 {[%emt 0:00:12]} Be7 {[%emt 0:00:07]} 21. Qf2 {[%emt 0:00:41]} Nxh5 {[%emt 0:00:19]} 22. f4 {[%emt 0:00:03]} Nf6 {[%emt 0:00:13]} 23. Bxe5 {[%emt 0:00:04]} Qc8 {[%emt 0:00:06]} 24. Qg3 {[%emt 0:00:13]} Nd7 {[%emt 0:00:07]} 25. Bb2 {[%emt 0:00:10]} Bf6 {[%emt 0:00:01]} 26. Bxf6 {[%emt 0:00:06]} Nxf6 {[%emt 0:00:00]} 27. Ndf2 {[%emt 0:00:15]} c5 {[%emt 0:00:01]} 28. Ng4 {[%emt 0:00:06]} Nxg4 {[%emt 0:00:05]} 29. Bxg4 {[%emt 0:00:03]} c4 {[%emt 0:00:02]} 30. Bxe6 {[%emt 0:00:05]} Qxe6 {[%emt 0:00:04]} 31. Nf2 {[%emt 0:00:09]} cxb3 {[%emt 0:00:02]} 32. cxb3 {[%emt 0:00:04]} d4 {[%emt 0:00:01]} 1-0

[Event "Stay Safe Play From Home 153"]
[Site "T#646141Emanuel Laske"]
[Date "2020.05.17"]
[Round "3"]
[White "Little champs"]
[Black "Don59as"]
[Result "0-1"]
[WhiteElo "2251"]
[BlackElo "2049"]
[Annotator "NA"]
[PlyCount "152"]
[EventDate "2020.05.17"]
[EventType "swiss (blitz)"]

1. d4 {[%emt 0:00:06]} d5 {[%emt 0:00:01]} 2. e3 {[%emt 0:00:02]} g6 {[%emt 0:00:01]} 3. Nf3 {[%emt 0:00:01]} Bg7 {[%emt 0:00:01]} 4. c4 {[%emt 0:00:01]} e6 {[%emt 0:00:01]} 5. Qc2 {[%emt 0:00:03]} Nf6 {[%emt 0:00:03]} 6. Nc3 {[%emt 0:00:01]} O-O {[%emt 0:00:02]} 7. Bd2 {[%emt 0:00:01]} a6 {[%emt 0:00:03]} 8. h3 {[%emt 0:00:01]} dxc4 {[%emt 0:00:01]} 9. Bxc4 {[%emt 0:00:02]} b5 {[%emt 0:00:01]} 10. Bd3 {[%emt 0:00:01]} Bb7 {[%emt 0:00:01]} 11. Ne4 {[%emt 0:00:01]} Nbd7 {[%emt 0:00:08]} 12. Nc5 {[%emt 0:00:02]} Nxc5 {[%emt 0:00:04]} 13. dxc5 {[%emt 0:00:01]} Bxf3 {[%emt 0:00:09]} 14. gxf3 {[%emt 0:00:01]} Qd5 {[%emt 0:00:05]} 15. e4 {[%emt 0:00:07]} Qh5 {[%emt 0:00:05]} 16. Be2 {[%emt 0:00:01]} Rad8 {[%emt 0:00:11]} 17. O-O-O {[%emt 0:00:01]} Qe5 {[%emt 0:00:10]} 18. Kb1 {[%emt 0:00:10]} c6 {[%emt 0:00:05]} 19. Rhg1 {[%emt 0:00:06]} h6 {[%emt 0:00:13]} 20. Be3 {[%emt 0:00:41]} g5 {[%emt 0:00:16]} 21. h4 {[%emt 0:00:13]} g4 {[%emt 0:00:01]} 22. fxg4 {[%emt 0:00:06]} Qxe4 {[%emt 0:00:14]} 23. Bd3 {[%emt 0:00:03]} Qf3 {[%emt 0:00:11]} 24. g5 {[%emt 0:00:03]} hxg5 {[%emt 0:00:10]} 25. hxg5 {[%emt 0:00:01]} Rxd3 {[%emt 0:00:08]} 26. Rxd3 {[%emt 0:00:14]} Nd5 {[%emt 0:00:03]} 27. Bd4 {[%emt 0:00:01]} Qf5 {[%emt 0:00:12]} 28. Bxg7 {[%emt 0:00:01]} Kxg7 {[%emt 0:00:01]} 29. Rdg3 {[%emt 0:00:38]} Qxc2+ {[%emt 0:00:22]} 30. Kxc2 {[%emt 0:00:01]} Rh8 {[%emt 0:00:07]} 31. g6 {[%emt 0:00:07]} f6 {[%emt 0:00:06]} 32. R3g2 {[%emt 0:00:23]} Rh4 {[%emt 0:00:06]} 33. Re1 {[%emt 0:00:06]} e5 {[%emt 0:00:02]} 34. b3 {[%emt 0:00:11]} Nf4 {[%emt 0:00:12]} 35. Rg3 {[%emt 0:00:01]} Rh2 {[%emt 0:00:01]} 36. Rf3 {[%emt 0:00:01]} Ne6 {[%emt 0:00:04]} 37. Kb1 {[%emt 0:00:07]} Kxg6 {[%emt 0:00:04]} 38. Rg1+ {[%emt 0:00:02]} Kf7 {[%emt 0:00:01]} 39. a4 {[%emt 0:00:18]} b4 {[%emt 0:00:08]} 40. Rfg3 {[%emt 0:00:05]} Nxc5 {[%emt 0:00:03]} 41. Rg7+ {[%emt 0:00:02]} Ke6 {[%emt 0:00:01]} 42. Rc7 {[%emt 0:00:01]} Nxb3 {[%emt 0:00:16]} 43. Rxc6+ {[%emt 0:00:01]} Kf5 {[%emt 0:00:03]} 44. Rxa6 {[%emt 0:00:03]} Rxf2 {[%emt 0:00:03]} 45. Rb6 {[%emt 0:00:01]} Rf4 {[%emt 0:00:05]} 46. Rd1 {[%emt 0:00:07]} Nc5 {[%emt 0:00:01]} 47. Rdd6 {[%emt 0:00:03]} Kg5 {[%emt 0:00:03]} 48. Rdc6 {[%emt 0:00:02]} Nxa4 {[%emt 0:00:01]} 49. Rb8 {[%emt 0:00:02]} Nc3+ {[%emt 0:00:01]} 50. Kc2 {[%emt 0:00:01]} Kf5 {[%emt 0:00:01]} 51. Rf8 {[%emt 0:00:02]} Nd5 {[%emt 0:00:02]} 52. Rd6 {[%emt 0:00:02]} Ke4 {[%emt 0:00:02]} 53. Rfd8 {[%emt 0:00:02]} Rf2+ {[%emt 0:00:02]} 54. Kb3 {[%emt 0:00:01]} Ne3 {[%emt 0:00:02]} 55. Kxb4 {[%emt 0:00:03]} f5 {[%emt 0:00:01]} 56. Re8 {[%emt 0:00:01]} f4 {[%emt 0:00:01]} 57. Rde6 {[%emt 0:00:01]} Ng4 {[%emt 0:00:01]} 58. R6e7 {[%emt 0:00:02]} Rg2 {[%emt 0:00:01]} 59. Rg8 {[%emt 0:00:01]} Kf3 {[%emt 0:00:01]} 60. Reg7 {[%emt 0:00:03]} e4 {[%emt 0:00:01]} 61. Kc3 {[%emt 0:00:02]} e3 {[%emt 0:00:01]} 62. Re7 {[%emt 0:00:02]} e2 {[%emt 0:00:02]} 63. Rge8 {[%emt 0:00:01]} Ne3 {[%emt 0:00:01]} 64. Rxe3+ {[%emt 0:00:02]} fxe3 {[%emt 0:00:01]} 65. Rf8+ {[%emt 0:00:01]} Kg3 {[%emt 0:00:01]} 66. Rg8+ {[%emt 0:00:01]} Kf2 {[%emt 0:00:01]} 67. Rf8+ {[%emt 0:00:01]} Kg1 {[%emt 0:00:01]} 68. Re8 {[%emt 0:00:00]} e1=Q+ {[%emt 0:00:02]} 69. Kd3 {[%emt 0:00:00]} Qb1+ {[%emt 0:00:01]} 70. Kxe3 {[%emt 0:00:01]} Qb6+ {[%emt 0:00:01]} 71. Kd3 {[%emt 0:00:02]} Qb5+ {[%emt 0:00:01]} 72. Ke3 {[%emt 0:00:01]} Qxe8+ {[%emt 0:00:01]} 73. Kf3 {[%emt 0:00:00]} Rg7 {[%emt 0:00:02]} 74. Kf4 {[%emt 0:00:00]} Rf7+ {[%emt 0:00:01]} 75. Kg5 {[%emt 0:00:00]} Qg8+ {[%emt 0:00:00]} 76. Kh6 {[%emt 0:00:00]} Rh7# {[%emt 0:00:00] (Lag: Av=0.88s, max=3.9s)} 0-1

[Event "Stay Safe Play From Home 153"]
[Site "T#646141Emanuel Laske"]
[Date "2020.05.17"]
[Round "3"]
[White "Weltszmerc"]
[Black "Lazieri3"]
[Result "0-1"]
[WhiteElo "2108"]
[BlackElo "1978"]
[PlyCount "118"]
[EventDate "2020.05.17"]
[EventType "swiss (blitz)"]

1. d4 {[%emt 0:00:03]} c6 {[%emt 0:00:00]} 2. c4 {[%emt 0:00:01]} d5 {[%emt 0:00:00]} 3. Nf3 {[%emt 0:00:00]} Bf5 {[%emt 0:00:04]} 4. Qb3 {[%emt 0:00:02]} b6 {[%emt 0:00:01] Lazieri3 offers a draw} 5. cxd5 {[%emt 0:00:06]} Qxd5 {[%emt 0:00:01]} 6. Qxd5 {[%emt 0:00:06]} cxd5 {[%emt 0:00:00]} 7. e3 {[%emt 0:00:08]} a6 {[%emt 0:00:02]} 8. Ne5 {[%emt 0:00:10]} Nd7 {[%emt 0:00:03]} 9. Nxd7 {[%emt 0:00:04]} Kxd7 {[%emt 0:00:01]} 10. Nc3 {[%emt 0:00:03]} e6 {[%emt 0:00:02]} 11. a4 {[%emt 0:00:12]} Bb4 {[%emt 0:00:02]} 12. Bd2 {[%emt 0:00:01]} Ne7 {[%emt 0:00:02]} 13. Be2 {[%emt 0:00:07]} Rhc8 {[%emt 0:00:04]} 14. O-O {[%emt 0:00:02]} h6 {[%emt 0:00:02]} 15. Rfc1 {[%emt 0:00:03]} Nc6 {[%emt 0:00:07]} 16. Be1 {[%emt 0:00:20]} Na5 {[%emt 0:00:03]} 17. Na2 {[%emt 0:00:01]} Bxe1 {[%emt 0:00:25]} 18. Rxc8 {[%emt 0:00:05]} Bxf2+ {[%emt 0:00:01]} 19. Kxf2 {[%emt 0:00:01]} Rxc8 {[%emt 0:00:00]} 20. Bxa6 {[%emt 0:00:05]} Rc2+ {[%emt 0:00:02]} 21. Kg1 {[%emt 0:00:14]} Rxb2 {[%emt 0:00:05]} 22. Nc3 {[%emt 0:00:05]} Nc4 {[%emt 0:00:05]} 23. e4 {[%emt 0:00:05]} Rc2 {[%emt 0:00:34]} 24. Bxc4 {[%emt 0:00:52]} dxc4 {[%emt 0:00:05]} 25. Ra3 {[%emt 0:00:06]} Bg6 {[%emt 0:00:05]} 26. h3 {[%emt 0:00:05]} Kc6 {[%emt 0:00:09]} 27. d5+ {[%emt 0:00:09]} exd5 {[%emt 0:00:01]} 28. Nxd5 {[%emt 0:00:00]} Rc1+ {[%emt 0:00:03]} 29. Kf2 {[%emt 0:00:10]} Bxe4 {[%emt 0:00:01]} 30. Ne3 {[%emt 0:00:11]} Kc5 {[%emt 0:00:07]} 31. Ra2 {[%emt 0:00:09]} c3 {[%emt 0:00:09]} 32. Ke2 {[%emt 0:00:07]} Kd4 {[%emt 0:00:09]} 33. a5 {[%emt 0:00:10]} Bd3+ {[%emt 0:00:12]} 34. Kf3 {[%emt 0:00:01]} bxa5 {[%emt 0:00:04]} 35. Ra4+ {[%emt 0:00:01]} Ke5 {[%emt 0:00:09]} 36. Rxa5+ {[%emt 0:00:01]} Ke6 {[%emt 0:00:07]} 37. Ra3 {[%emt 0:00:14]} c2 {[%emt 0:00:05]} 38. Rc3 {[%emt 0:00:03]} f5 {[%emt 0:00:09]} 39. g3 {[%emt 0:00:08]} g5 {[%emt 0:00:02]} 40. Rc6+ {[%emt 0:00:07]} Kd7 {[%emt 0:00:01]} 41. Rc3 {[%emt 0:00:02]} Be4+ {[%emt 0:00:01]} 42. Ke2 {[%emt 0:00:02]} Rh1 {[%emt 0:00:01]} 43. Nxc2 {[%emt 0:00:03]} Rh2+ {[%emt 0:00:03]} 44. Ke1 {[%emt 0:00:01]} Rxc2 {[%emt 0:00:02]} 45. Rxc2 {[%emt 0:00:01]} Bxc2 {[%emt 0:00:01]} 46. Kd2 {[%emt 0:00:00]} Be4 {[%emt 0:00:02]} 47. Ke3 {[%emt 0:00:00]} Ke6 {[%emt 0:00:01]} 48. g4 {[%emt 0:00:00]} fxg4 {[%emt 0:00:02]} 49. Kxe4 {[%emt 0:00:01]} gxh3 {[%emt 0:00:01]} 50. Kf3 {[%emt 0:00:01]} g4+ {[%emt 0:00:01]} 51. Kg3 {[%emt 0:00:00]} Kf5 {[%emt 0:00:01]} 52. Kh2 {[%emt 0:00:00]} Kf4 {[%emt 0:00:01]} 53. Kg1 {[%emt 0:00:00]} g3 {[%emt 0:00:01]} 54. Kh1 {[%emt 0:00:00]} Kf3 {[%emt 0:00:02]} 55. Kg1 {[%emt 0:00:00]} g2 {[%emt 0:00:01]} 56. Kh2 {[%emt 0:00:00]} Kf2 {[%emt 0:00:00]} 57. Kxh3 {[%emt 0:00:00]} g1=Q {[%emt 0:00:00]} 58. Kh4 {[%emt 0:00:00]} Qg2 {[%emt 0:00:01]} 59. Kh5 {[%emt 0:00:01]} Qg5# {[%emt 0:00:01] (Lag: Av=0.81s, max=1.2s)} 0-1

[Event "Stay Safe Play From Home 153"]
[Site "T#646141Emanuel Laske"]
[Date "2020.05.17"]
[Round "3"]
[White "Sfantul321"]
[Black "Aktürk"]
[Result "1-0"]
[WhiteElo "2044"]
[BlackElo "1476"]
[Annotator "NA"]
[PlyCount "85"]
[EventDate "2020.05.17"]
[EventType "swiss (blitz)"]

1. c4 {[%emt 0:00:55]} e6 {[%emt 0:00:00]} 2. Nc3 {[%emt 0:00:02]} b6 {[%emt 0:00:02]} 3. e4 {[%emt 0:00:01]} a6 {[%emt 0:00:02]} 4. d4 {[%emt 0:00:01]} Bb7 {[%emt 0:00:01]} 5. f4 {[%emt 0:00:01]} Nc6 {[%emt 0:00:06]} 6. Nf3 {[%emt 0:00:01]} h6 {[%emt 0:00:03]} 7. Be3 {[%emt 0:00:02]} Nf6 {[%emt 0:00:04]} 8. h3 {[%emt 0:00:01]} Bb4 {[%emt 0:00:05]} 9. e5 {[%emt 0:00:01]} Bxc3+ {[%emt 0:00:07]} 10. bxc3 {[%emt 0:00:01]} Nh5 {[%emt 0:00:10]} 11. Kf2 {[%emt 0:00:02]} g6 {[%emt 0:00:06]} 12. Bd3 {[%emt 0:00:02]} Ne7 {[%emt 0:00:03]} 13. Qc2 {[%emt 0:00:04]} Ng7 {[%emt 0:00:04]} 14. g4 {[%emt 0:00:03]} Bxf3 {[%emt 0:00:13]} 15. Kxf3 {[%emt 0:00:02]} Rb8 {[%emt 0:00:01]} 16. a4 {[%emt 0:00:05]} a5 {[%emt 0:00:03]} 17. Rhf1 {[%emt 0:00:02]} Ng8 {[%emt 0:00:09]} 18. Kg2 {[%emt 0:00:04]} Qh4 {[%emt 0:00:05]} 19. Bxg6 {[%emt 0:00:02]} Ne7 {[%emt 0:00:17]} 20. Be4 {[%emt 0:00:03]} h5 {[%emt 0:00:05]} 21. Bf2 {[%emt 0:00:03]} hxg4 {[%emt 0:00:13]} 22. Bxh4 {[%emt 0:00:05]} gxh3+ {[%emt 0:00:01]} 23. Kxh3 {[%emt 0:00:02]} Nef5 {[%emt 0:00:12]} 24. Bxf5 {[%emt 0:00:01]} Nxf5 {[%emt 0:00:02]} 25. Qf2 {[%emt 0:00:03]} Rxh4+ {[%emt 0:00:02]} 26. Qxh4 {[%emt 0:00:01]} Nxh4 {[%emt 0:00:02]} 27. Kxh4 {[%emt 0:00:00]} Ke7 {[%emt 0:00:01]} 28. Kg4 {[%emt 0:00:01]} Rg8+ {[%emt 0:00:01]} 29. Kf3 {[%emt 0:00:01]} Rg6 {[%emt 0:00:05]} 30. Rg1 {[%emt 0:00:01]} Rh6 {[%emt 0:00:03]} 31. Rh1 {[%emt 0:00:01]} Rg6 {[%emt 0:00:01]} 32. Rag1 {[%emt 0:00:01]} c6 {[%emt 0:00:04]} 33. Rxg6 {[%emt 0:00:02]} fxg6 {[%emt 0:00:01]} 34. Rh7+ {[%emt 0:00:01]} Kd8 {[%emt 0:00:03]} 35. Kg4 {[%emt 0:00:01]} b5 {[%emt 0:00:03]} 36. cxb5 {[%emt 0:00:01]} cxb5 {[%emt 0:00:01]} 37. axb5 {[%emt 0:00:01]} a4 {[%emt 0:00:01]} 38. Rh2 {[%emt 0:00:02]} Kc7 {[%emt 0:00:02]} 39. Ra2 {[%emt 0:00:01]} Kb6 {[%emt 0:00:01]} 40. Rxa4 {[%emt 0:00:01]} Kxb5 {[%emt 0:00:01]} 41. Rb4+ {[%emt 0:00:00]} Ka5 {[%emt 0:00:03]} 42. Kg5 {[%emt 0:00:00]} d6 {[%emt 0:00:01]} 43. exd6 {[%emt 0:00:01] Aktürk terk eder (Lag: Av=0.28s, max=0.7s)} 1-0

[Event "Stay Safe Play From Home 153"]
[Site "T#646141Emanuel Laske"]
[Date "2020.05.17"]
[Round "3"]
[White "Vinnety"]
[Black "Matanant"]
[Result "1-0"]
[WhiteElo "1832"]
[BlackElo "1803"]
[Annotator "NA"]
[PlyCount "49"]
[EventDate "2020.05.17"]
[EventType "swiss (blitz)"]

1. e4 {[%emt 0:00:03]} e5 {[%emt 0:00:01]} 2. Nc3 {[%emt 0:00:01]} Nf6 {[%emt 0:00:02]} 3. Bc4 {[%emt 0:00:03]} Bc5 {[%emt 0:00:02]} 4. d3 {[%emt 0:00:01]} h6 {[%emt 0:00:02]} 5. Be3 {[%emt 0:00:01]} Bxe3 {[%emt 0:00:03]} 6. fxe3 {[%emt 0:00:01]} O-O {[%emt 0:00:00]} 7. Nf3 {[%emt 0:00:01]} Qe7 {[%emt 0:00:05]} 8. O-O {[%emt 0:00:02]} c6 {[%emt 0:00:01]} 9. a3 {[%emt 0:00:03]} b5 {[%emt 0:00:02]} 10. Ba2 {[%emt 0:00:01]} Na6 {[%emt 0:00:01]} 11. Nh4 {[%emt 0:00:07]} d6 {[%emt 0:00:03]} 12. Nf5 {[%emt 0:00:03]} Bxf5 {[%emt 0:00:02]} 13. Rxf5 {[%emt 0:00:01]} Nc7 {[%emt 0:00:03]} 14. Qd2 {[%emt 0:00:04]} d5 {[%emt 0:00:02]} 15. exd5 {[%emt 0:00:07]} cxd5 {[%emt 0:00:02]} 16. Raf1 {[%emt 0:00:03]} a6 {[%emt 0:00:09]} 17. h3 {[%emt 0:00:16]} Rac8 {[%emt 0:00:04]} 18. e4 {[%emt 0:00:08]} d4 {[%emt 0:00:04]} 19. Ne2 {[%emt 0:00:10]} Nd7 {[%emt 0:00:07]} 20. Rxf7 {[%emt 0:00:06]} Rxf7 {[%emt 0:00:04]} 21. Rxf7 {[%emt 0:00:02]} Qxf7 {[%emt 0:00:01]} 22. Bxf7+ {[%emt 0:00:02]} Kxf7 {[%emt 0:00:00]} 23. Ng3 {[%emt 0:00:01]} Ne6 {[%emt 0:00:09]} 24. Nf5 {[%emt 0:00:02]} Nf4 {[%emt 0:00:07]} 25. Nd6+ {[%emt 0:00:02] Matanant resigns (Lag: Av=0.59s, max=0.8s)} 1-0